000 00559nam a22002177a 4500
003 OSt
005 20140310184503.0
008 131012t xxu||||| |||| 00| 0 eng d
020 _a0590427318
050 _aGV 1491
_b.M647 1991
100 _aMiller, Marvin.
_96424
245 _aYou be the detective /
_cMarvin Miller.
260 _aUSA :
_bScholastic Inc.,
_c1991.
300 _a81 p. :
_bill. ;
_c19 cm.
521 _aG4
526 _c620
650 _aFiction
_xDetectives
_930121
942 _2lcc
_cBK-SCHOLAS
999 _c34762
_d34762